000 00426nam a2200145Ia 4500
008 230312s9999||||xx |||||||||||||| ||und||
020 _a0-87835-074-8
082 _a301.243
_bKAR-S
245 0 _aSocial Consequences of Engineering
260 _bBoyd & Fraser Publidhing Company
_aFrancisco
_c1979
300 _a290
546 _aEng.
650 _aEngineering
_vEnergy and Society,Pollution, Biomedical Engineering
942 _cBK
999 _c2693
_d2693